| 000 | 01050nam2a2200241 4500 | ||
|---|---|---|---|
| 001 | rc\2922311 | ||
| 005 | 20260315054831.0 | ||
| 035 | _a(NLR Aleph) 007072393 | ||
| 090 |
_a13595815 _c13595815 |
||
| 100 | _a20110814d1944 u y0rusy50 ca | ||
| 101 | 0 | _arus | |
| 102 | _aRU | ||
| 105 | _ay z ||||| | ||
| 200 | 1 | _aГорячее лето | |
| 210 | _d1944 | ||
| 215 | _a292 с., с заставками | ||
| 461 | 0 |
_1001rc\2922309 _12001#$aБрусиловский прорыв$eИсторич. роман$fС. Сергеев-Ценский$vЧ. 2 _1700#1$aСергеев-Ценский$bС. Н.$f1875-1958$gСергей Николаевич$3RU\NLR\AUTH\7711802 _96393684 _aСергеев-Ценский, С. Н. (1875-1958) _cМосква _d1943-1944 _fС. Сергеев-Ценский _nСоветский писатель _oИсторич. роман. Ч. 1- _tБрусиловский прорыв _vЧ. 2 |
|
| 801 | 0 |
_aRU _bNLR _gpsbo |
|
| 801 | 1 |
_aRU _bELAR _2rusmarc |
|
| 852 |
_aNLR _jЛ30 Г-3/118 |
||
| 942 | _cUNSPEC | ||
| 980 | _aNB | ||